記憶と思考の発達心理学= Developmental psychology of memory and thought
Sparad:
| Huvudupphovsman: | |
|---|---|
| Materialtyp: | Bok |
| Språk: | Undetermined |
| Publicerad: |
Japan
金子善蔵
1983
|
| Ämnen: | |
| Taggar: |
Lägg till en tagg
Inga taggar, Lägg till första taggen!
|
| Thư viện lưu trữ: | Trung tâm Học liệu Trường Đại học Cần Thơ |
|---|
| LEADER | 00624nam a2200205Ia 4500 | ||
|---|---|---|---|
| 001 | CTU_232290 | ||
| 008 | 210402s9999 xx 000 0 und d | ||
| 082 | |a 153.4 | ||
| 082 | |b Y19 | ||
| 100 | |a Yamauchi , Mitsuya | ||
| 245 | 0 | |a 記憶と思考の発達心理学= | |
| 245 | 0 | |b Developmental psychology of memory and thought | |
| 245 | 0 | |c Mitsuya Yamauchi (山内光哉 ) | |
| 260 | |a Japan | ||
| 260 | |b 金子善蔵 | ||
| 260 | |c 1983 | ||
| 650 | |a Tâm lý ứng dụng,Psychology, applied | ||
| 650 | |z Nhật Bản,Japan | ||
| 910 | |a Tuyến | ||
| 980 | |a Trung tâm Học liệu Trường Đại học Cần Thơ | ||